| 000 | 00602nam a2200181Ia 4500 | ||
|---|---|---|---|
| 003 | GCL | ||
| 008 | 140319s9999 xx 000 0 ara d | ||
| 040 |
_aGCL / _cGCL |
||
| 082 | 0 | 4 |
_a370.193 _bا ا |
| 100 | 1 | _aابوخلدون ساطع الحصرى | |
| 245 | 1 | 0 |
_aاحاديث فى التربية والاجتماع / _cابوخلدون ساطع الحصرى |
| 260 |
_a[S.N] : _bمركز دراسات الوحدة العربية ، _c1984 |
||
| 300 | _a306 ص | ||
| 490 |
_aسلسلة التراث القومى _v0 |
||
| 650 | 0 | 4 | _aالتربية |
| 650 | 0 | 4 | _aالاجتماع |
| 942 |
_2ddc _cBK |
||
| 999 |
_c35644 _d35644 |
||